00788nam a2200217 i 4500001001100000005001700011008004100028080002200069080002300091100003100114245012000145260003800265300005100303500001100354500002700365500004200392650003800434650004500472700004300517852001000560C00062300c20241029150816.0130916s1925 xxkf 1 engdd a729.88(44)"09/14" a729.88(410)"09/14"1 aArnold, Hugh (d1872-1915)10aStained glass of the middle ages in England and France / cpainted by Lawrence B. Saint ; described by Hugh Arnold. aLondon : bA. & C. Black, c1925. aXIV, 260 p., [46] p. de lám. col. ; c23 cm. aAntep. aApostillas marginales. aDonación heredera R. Stolz Viciano. aVidrieras-zFrancia-yEdad media. aVidrieras-zGran Bretaña-yEdad media.1 aSaint, Lawrence Bradford (d1885-1961)4 jL-252